| 000 | 01164nam a2200313 a 4500 | ||
|---|---|---|---|
| 001 | 000116224 | ||
| 003 | CHAP | ||
| 005 | 20220329144606.0 | ||
| 008 | 191009s2019 mx a |sm |||||||spa d | ||
| 010 | _a112685 | ||
| 011 | _a113657 | ||
| 040 | _cCHAP | ||
| 090 | _aTesis | ||
| 100 | 1 |
_aReyes Rosas, Jazmín. _9137015 |
|
| 245 | 1 | 0 |
_aFarmacia viva para el manejo sustentable de la flora medicinal en la Pendencia , San Luis Potosí _h[En línea] _cpor Jazmin Reyes Rosas. |
| 260 |
_aChapingo, Méx. : _bEl autor, _c2019. |
||
| 500 | _aPara ver el contenido del material haga clic en la liga | ||
| 502 | _aTesis (Ingeniero en Recursos Naturales Renovables) -- UACH. Departamento de Suelos | ||
| 590 |
_aBATCH-UPD _b05 _c20191009 _lUCH01 _h1100 |
||
| 590 |
_aE6337LMJ _b05 _c20191009 _lUCH01 _h1059 |
||
| 650 | 1 | 4 |
_aBotánica médica _xAspectos sociales. _9131894 |
| 650 | 1 | 4 |
_aBotánica médica _xIdentificación. _9135423 |
| 650 | 1 | 4 |
_aHierbas _xUso terapéutico. _9131895 |
| 650 | 1 | 4 |
_aMedicina tradicional _zSan Luis Potosí. _9137014 |
| 856 |
_aFinding aid _uhttp://10.13.5.2/tesis/sist.pdf _zTeclea aquí |
||
| 901 | _aBK | ||
| 942 | _cTESIS | ||
| 942 | _n0 | ||
| 999 |
_c112685 _d112685 |
||